Repertorium literale summae frugiferae Divi Antonini archiepraesulis florentini, quae quàm multiiuga rerum notitia sit referta hic lector velut per transennam contemplator: & late patentem campum, tum Divinae Scripturae, tum sacrae theologiae necnon & geminae facultatis iuridicae, hoc indice visito. Ne vereare erroneorum annotame[n]torum degeneres palmites, nec numeros pavesce fallaces quibus olim scatuere exemplaria propria. Nam scrupulos omnes vindex censura detersit. Operis laudem si nosce collubeat, verte pagellam

Detalles Bibliográficos
Autor principal: Antonino de Florencia, santo, 1389-1459
Otros Autores: Molitor, Johannes, s. XV, com, Crespo, Jean, 1526-1543, imp, Portonariis, Vincent de, ed
Formato: Libro
Lenguaje:Latin
Publicado: venundantur Lugduni : apud Vincentium de Portonariis, 1542.
Materias:
Colección:Banco de datos
Acervo:Universidad Autónoma Benito Juárez de Oaxaca. Biblioteca Francisco de Burgoa. Colección antigua
Descripción Física:[127] h. ; f°
Tema general:Teología dogmática
Notas:Portada a dos tintas con empresa tipográfica del impresor y orla renacentista en grabado xilográfico. Texto a dos columnas sin paginación, apostillas marginales, reclamos y signaturas. Incluye capitulares con motivos florales en grabado xilográfico. Incluye marca del impresor en grabado xilográfico. Encuadernación en pergamino. Marca de fuego: Casa del Noviciado de la Compañía de Jesús de Oaxaca, Oax. Marca de fuego: Convento de los Carmelitas Descalzos de Oaxaca, Oax. Ex libris manuscrito en la portada: "attinet dominici de Etlan". Daños por humedad y polilla. Daños en la encuadernación, tapas desprendidas
LEADER 01882nam a22002050004500
035 |a 985 
041 0 |a lat 
100 1 |a Antonino de Florencia, santo, 1389-1459 
245 1 0 |a Repertorium literale summae frugiferae Divi Antonini archiepraesulis florentini, quae quàm multiiuga rerum notitia sit referta hic lector velut per transennam contemplator: & late patentem campum, tum Divinae Scripturae, tum sacrae theologiae necnon & geminae facultatis iuridicae, hoc indice visito. Ne vereare erroneorum annotame[n]torum degeneres palmites, nec numeros pavesce fallaces quibus olim scatuere exemplaria propria. Nam scrupulos omnes vindex censura detersit. Operis laudem si nosce collubeat, verte pagellam  
260 |a venundantur Lugduni : apud Vincentium de Portonariis, 1542. 
300 |a [127] h. ; f° 
500 |a Portada a dos tintas con empresa tipográfica del impresor y orla renacentista en grabado xilográfico. Texto a dos columnas sin paginación, apostillas marginales, reclamos y signaturas. Incluye capitulares con motivos florales en grabado xilográfico. Incluye marca del impresor en grabado xilográfico. Encuadernación en pergamino. Marca de fuego: Casa del Noviciado de la Compañía de Jesús de Oaxaca, Oax. Marca de fuego: Convento de los Carmelitas Descalzos de Oaxaca, Oax. Ex libris manuscrito en la portada: "attinet dominici de Etlan". Daños por humedad y polilla. Daños en la encuadernación, tapas desprendidas 
650 1 0 |a Teología dogmática 
700 1 |a Molitor, Johannes, s. XV, com. 
700 1 |a Crespo, Jean, 1526-1543, imp. 
700 1 |a Portonariis, Vincent de, ed. 
852 |a Universidad Autónoma "Benito Juárez" de Oaxaca, Biblioteca Francisco de Burgoa, Colección antigua 2730 
942 |c BURANT 
943 |g Universidad Autónoma Benito Juárez de Oaxaca. Biblioteca Francisco de Burgoa. Colección antigua 
999 |c 1111996  |d 1111996